000
00316nam a22001457a 4500
008
231013b ||||| |||| 00| 0 eng d
020
_a
9780534505851
041
_a
eng
080
_a
101
082
_a
101KOO
100
_a
44
101
_a
FILOZO
245
_a
THE THINKING READER
_c
KOOBATIAN.J
942
_2
udc
_c
BK
999
_c
60447
_d
60447